[Event "XVII. DBMM Schach"]
[Site "Berlin"]
[Date "2017.11.04"]
[Round "6.1"]
[White "Seifert, Martin"]
[Black "Elster, Ulrich"]
[Result "0-1"]
[WhiteElo "1995"]
[BlackElo "1881"]
[Annotator "br"]
[PlyCount "68"]
[EventDate "2017.??.??"]
[EventType "team-swiss"]
[EventRounds "7"]
[EventCountry "GER"]
[SourceTitle "XVII. DBMM 2017"]
[Source "FV Schach e.V."]
[SourceDate "2018.05.26"]
[SourceVersion "1"]
[SourceVersionDate "2018.05.26"]
[SourceQuality "1"]
[WhiteTeam "Sparkassen-Vers. Stuttgart II"]
[BlackTeam "Vodafone II"]
[WhiteTeamCountry "GER"]
[BlackTeamCountry "GER"]

1. e4 c5 2. Nf3 Nc6 3. Bb5 Nf6 4. Qe2 g6 5. c3 Bg7 6. O-O Qb6 7. Ba4 O-O 8. Re1
d6 9. h3 e5 10. d3 h6 11. Nbd2 Qa6 12. Bc2 b5 13. Nf1 d5 14. Ne3 Be6 15. Nh2
Rad8 16. Neg4 Nxg4 17. Nxg4 Kh7 18. Qf3 f5 19. exf5 Bxf5 20. Qg3 Rde8 21. Qh4
h5 22. Ne3 Bh6 23. Qg3 h4 24. Qf3 Bg7 25. Nxf5 Rxf5 26. Qxd5 e4 27. Qb3 c4 28.
dxc4 bxc4 29. Qa3 Qxa3 30. bxa3 Bxc3 31. Bb2 Bxb2 32. Rad1 Bd4 33. Rxe4 Bxf2+
34. Kh1 Rfe5 0-1

[Event "XVII. DBMM Schach"]
[Site "Berlin"]
[Date "2017.11.04"]
[Round "6.2"]
[White "Kludszuweit, Kim Ira"]
[Black "Lau, Peter"]
[Result "1/2-1/2"]
[WhiteElo "1665"]
[BlackElo "1743"]
[Annotator "br"]
[PlyCount "40"]
[EventDate "2017.??.??"]
[EventType "team-swiss"]
[EventRounds "7"]
[EventCountry "GER"]
[SourceTitle "XVII. DBMM 2017"]
[Source "FV Schach e.V."]
[SourceDate "2018.05.26"]
[SourceVersion "1"]
[SourceVersionDate "2018.05.26"]
[SourceQuality "1"]
[WhiteTeam "Vodafone II"]
[BlackTeam "Sparkassen-Vers. Stuttgart II"]
[WhiteTeamCountry "GER"]
[BlackTeamCountry "GER"]

1. c4 f5 2. d4 g6 3. Nc3 Nf6 4. Nf3 Bg7 5. e3 d6 6. Be2 O-O 7. O-O Nc6 8. d5
Ne5 9. Nxe5 dxe5 10. Qd2 e6 11. b3 Qe7 12. Bb2 Rd8 13. Rad1 exd5 14. cxd5 a6
15. a4 Be6 16. Bc4 Bf7 17. Qe2 Rd7 18. e4 fxe4 19. Nxe4 Nxe4 20. Qxe4 Rad8
1/2-1/2

[Event "XVII. DBMM Schach"]
[Site "Berlin"]
[Date "2017.11.04"]
[Round "6.3"]
[White "Wirth, Volker"]
[Black "Renzelmann, Jannis"]
[Result "0-1"]
[WhiteElo "1738"]
[BlackElo "1641"]
[Annotator "br"]
[PlyCount "54"]
[EventDate "2017.??.??"]
[EventType "team-swiss"]
[EventRounds "7"]
[EventCountry "GER"]
[SourceTitle "XVII. DBMM 2017"]
[Source "FV Schach e.V."]
[SourceDate "2018.05.26"]
[SourceVersion "1"]
[SourceVersionDate "2018.05.26"]
[SourceQuality "1"]
[WhiteTeam "Sparkassen-Vers. Stuttgart II"]
[BlackTeam "Vodafone II"]
[WhiteTeamCountry "GER"]
[BlackTeamCountry "GER"]

1. d4 d5 2. c4 e6 3. Nc3 Nf6 4. Nf3 Be7 5. e3 Nbd7 6. Be2 O-O 7. O-O c6 8. a3
b6 9. b4 dxc4 10. Bxc4 Bb7 11. Bb2 Nd5 12. Rc1 a5 13. b5 c5 14. dxc5 Nxc5 15.
Nxd5 exd5 16. Ba2 Qd7 17. Nd4 Bf6 18. a4 Rac8 19. Ba3 Be7 20. Rc3 Ne4 21. Rxc8
Rxc8 22. Bxe7 Qxe7 23. Qh5 g6 24. Qe2 Nc3 25. Qd2 Nxa4 26. Rd1 Nc3 27. Rc1 Nxa2
0-1

[Event "XVII. DBMM Schach"]
[Site "Berlin"]
[Date "2017.11.04"]
[Round "6.4"]
[White "Baader, Matthieu"]
[Black "Brethauer, Tim"]
[Result "1/2-1/2"]
[WhiteElo "1492"]
[BlackElo "1641"]
[Annotator "br"]
[PlyCount "57"]
[EventDate "2017.??.??"]
[EventType "team-swiss"]
[EventRounds "7"]
[EventCountry "GER"]
[SourceTitle "XVII. DBMM 2017"]
[Source "FV Schach e.V."]
[SourceDate "2018.05.26"]
[SourceVersion "1"]
[SourceVersionDate "2018.05.26"]
[SourceQuality "1"]
[WhiteTeam "Vodafone II"]
[BlackTeam "Sparkassen-Vers. Stuttgart II"]
[WhiteTeamCountry "GER"]
[BlackTeamCountry "GER"]

1. c4 e6 2. Nc3 Nf6 3. d3 Bb4 4. Bd2 O-O 5. e4 Nc6 6. a3 Bxc3 7. Bxc3 e5 8. b4
d6 9. h3 Ne7 10. Be2 Ng6 11. Bd2 Nh4 12. g3 Ng6 13. Bg4 Ne8 14. b5 f5 15. exf5
Bxf5 16. Qf3 Qf6 17. Bxf5 Qxf5 18. Qxf5 Rxf5 19. Be3 Rf7 20. Ne2 b6 21. Nc3 Nf6
22. Ra2 Re8 $11 23. O-O h6 24. a4 Ne7 25. f4 Nf5 26. Bf2 exf4 27. gxf4 Nh5 28.
Nd5 Nfg3 29. Bxg3 1/2-1/2

[Event "XVII. DBMM Schach"]
[Site "Berlin"]
[Date "2017.11.04"]
[Round "6.1"]
[White "Decker, Ingo"]
[Black "Huebner, Detlef"]
[Result "1-0"]
[WhiteElo "1647"]
[BlackElo "1573"]
[Annotator "br"]
[PlyCount "42"]
[EventDate "2017.??.??"]
[EventType "team-swiss"]
[EventRounds "7"]
[EventCountry "GER"]
[SourceTitle "XVII. DBMM 2017"]
[Source "FV Schach e.V."]
[SourceDate "2018.05.26"]
[SourceVersion "1"]
[SourceVersionDate "2018.05.26"]
[SourceQuality "1"]
[WhiteTeam "SG Airbus Bremen"]
[BlackTeam "AGI Frankfurt II"]
[WhiteTeamCountry "GER"]
[BlackTeamCountry "GER"]

1. e4 c6 2. d4 d5 3. e5 Bf5 4. Bd3 Bxd3 5. Qxd3 e6 6. Nf3 h6 7. O-O Ne7 8. b3
Ng6 9. c4 dxc4 10. bxc4 Nd7 11. Qe4 Nb6 12. Qe2 Be7 13. Nc3 O-O 14. Be3 Qc7 15.
Rab1 Rfd8 16. Rb3 c5 17. Rfb1 Rab8 18. Nb5 Qd7 19. dxc5 Nc8 20. Nd6 Nxd6 21.
cxd6 Bf8 1-0

[Event "XVII. DBMM Schach"]
[Site "Berlin"]
[Date "2017.11.04"]
[Round "6.3"]
[White "Mikoteit, Siegfried"]
[Black "Klowski, Bjoern Sigurd"]
[Result "1-0"]
[WhiteElo "1366"]
[BlackElo "1681"]
[Annotator "br"]
[PlyCount "149"]
[EventDate "2017.??.??"]
[EventType "team-swiss"]
[EventRounds "7"]
[EventCountry "GER"]
[SourceTitle "XVII. DBMM 2017"]
[Source "FV Schach e.V."]
[SourceDate "2018.05.26"]
[SourceVersion "1"]
[SourceVersionDate "2018.05.26"]
[SourceQuality "1"]
[WhiteTeam "SG Airbus Bremen"]
[BlackTeam "AGI Frankfurt II"]
[WhiteTeamCountry "GER"]
[BlackTeamCountry "GER"]

1. e4 e5 2. Nf3 Nc6 3. d4 exd4 4. Nxd4 Qf6 5. c3 Bc5 6. Nf3 Nge7 7. Bg5 Qe6 8.
Nbd2 O-O 9. Bc4 d5 10. Bb3 Na5 11. O-O Nxb3 12. Qxb3 dxe4 13. Qxe6 Bxe6 14.
Nxe4 h6 15. Nxc5 hxg5 16. Nxe6 fxe6 17. Nxg5 e5 18. Rfe1 Ng6 19. Rad1 c6 20.
Rd7 b6 21. Red1 c5 22. g3 e4 23. Ne6 Rf7 24. Rxf7 Kxf7 25. Ng5+ Kf6 26. Nxe4+
Kf5 27. f3 Ne5 28. Kg2 Nc4 29. Nd6+ Nxd6 30. Rxd6 Re8 31. Kf2 g5 32. Rd5+ Kf6
33. g4 Re7 34. Rd2 Rf7 35. Kg3 Re7 36. Rf2 Re3 37. Kg2 Ke5 38. Kf1 Kf4 39. Kg2
Ke5 40. Kg3 Re1 41. Kg2 Kf4 42. Rd2 Ke5 43. Kf2 Rh1 44. Re2+ Kd5 45. Kg2 Rd1
46. Kg3 Rg1+ 47. Rg2 Rd1 48. h4 gxh4+ 49. Kxh4 Ke5 50. Kg5 Rf1 51. Re2+ Kd6 52.
Kf4 a5 53. g5 Rh1 54. g6 Rh8 55. Kg5 Rh3 56. f4 Rf3 57. g7 b5 58. f5 b4 59.
cxb4 axb4 60. Kf6 Rg3 61. Kf7 Rf3 62. f6 c4 63. g8=Q c3 64. bxc3 bxc3 65. Qd8+
Kc5 66. Qa5+ Kc4 67. Qa4+ Kd3 68. Qc2+ Kd4 69. Qe4+ Kc5 70. Qxf3 Kc4 71. Qe4+
Kc5 72. a3 Kb5 73. Qb4+ Ka6 74. Re6+ Ka7 75. Qb6+ 1-0

[Event "XVII. DBMM Schach"]
[Site "Berlin"]
[Date "2017.11.04"]
[Round "6.1"]
[White "Warnest, Stefan"]
[Black "Raum, Norbert"]
[Result "1/2-1/2"]
[WhiteElo "1531"]
[BlackElo "1833"]
[Annotator "br"]
[PlyCount "83"]
[EventDate "2017.??.??"]
[EventType "team-swiss"]
[EventRounds "7"]
[EventCountry "GER"]
[SourceTitle "XVII. DBMM 2017"]
[Source "FV Schach e.V."]
[SourceDate "2018.05.26"]
[SourceVersion "1"]
[SourceVersionDate "2018.05.26"]
[SourceQuality "1"]
[WhiteTeam "BA Tempelhof Berlin IV"]
[BlackTeam "Baubehoerde Hamburg II"]
[WhiteTeamCountry "GER"]
[BlackTeamCountry "GER"]

1. e4 e6 2. d4 d5 3. exd5 exd5 4. Nc3 Nf6 5. Bd3 Be7 6. Nf3 Bg4 7. h3 Bh5 8.
Be2 O-O 9. O-O Nbd7 10. Ne5 Bxe2 11. Qxe2 h6 12. a3 c5 13. Nxd7 Qxd7 14. dxc5
Bxc5 15. Qb5 Qxb5 16. Nxb5 $11 a6 17. Nc3 d4 18. Ne2 Rad8 19. Nf4 Rfe8 20. Nd3
Bb6 21. Re1 Ne4 22. Kf1 f5 23. f3 Ng3+ 24. Kf2 Rxe1 25. Kxe1 g5 26. f4 Re8+ 27.
Kf2 Ne4+ 28. Kf3 Kg7 29. fxg5 hxg5 30. g3 Kf6 31. Nb4 Re5 32. Nd3 Rd5 33. a4 a5
34. Ra3 Bc7 35. g4 Nd6 36. Rb3 b6 37. c4 dxc3 38. Rxc3 fxg4+ 39. hxg4 Bd8 40.
Nf2 Rc5 41. Rxc5 bxc5 42. Ne4+ 1/2-1/2

[Event "XVII. DBMM Schach"]
[Site "Berlin"]
[Date "2017.11.04"]
[Round "6.2"]
[White "Hoffeins, Hans Werner"]
[Black "Frahm, Werner"]
[Result "1/2-1/2"]
[WhiteElo "1512"]
[BlackElo "1527"]
[Annotator "br"]
[PlyCount "82"]
[EventDate "2017.??.??"]
[EventType "team-swiss"]
[EventRounds "7"]
[EventCountry "GER"]
[SourceTitle "XVII. DBMM 2017"]
[Source "FV Schach e.V."]
[SourceDate "2018.05.26"]
[SourceVersion "1"]
[SourceVersionDate "2018.05.26"]
[SourceQuality "1"]
[WhiteTeam "Baubehoerde Hamburg II"]
[BlackTeam "BA Tempelhof Berlin IV"]
[WhiteTeamCountry "GER"]
[BlackTeamCountry "GER"]

1. Nf3 g6 2. d3 Bg7 3. e4 d6 4. Be2 Nc6 5. c3 Nf6 6. O-O O-O 7. Nbd2 e5 8. a4
a5 9. Nc4 Be6 10. Na3 Qe7 11. Ng5 Bd7 12. f4 h6 13. Nf3 exf4 14. Bxf4 Rae8 15.
Nd2 Na7 16. Bf3 Nc6 17. Nb5 Bc8 18. Re1 Ne5 19. Bxe5 dxe5 20. Nc4 Rd8 21. Qe2
Ne8 22. Nxa5 c6 23. Nxb7 Bxb7 24. Na3 Ba6 25. Red1 Nc7 26. b4 Qd6 27. Nc4 Qe7
28. Qc2 Ne6 29. g3 Qa7+ 30. Qf2 Qc7 31. Qb6 Qxb6+ 32. Nxb6 Rxd3 33. Rxd3 Bxd3
34. a5 Ba6 35. Rd1 Rd8 36. Rxd8+ Nxd8 37. Kf2 Bf8 38. Be2 c5 39. Bxa6 cxb4 40.
cxb4 Bxb4 41. Nc4 Nc6 1/2-1/2

[Event "XVII. DBMM Schach"]
[Site "Berlin"]
[Date "2017.11.04"]
[Round "6.3"]
[White "Kalkowski, Thomas"]
[Black "Hein, Andrea"]
[Result "1/2-1/2"]
[WhiteElo "1459"]
[BlackElo "1418"]
[Annotator "br"]
[PlyCount "53"]
[EventDate "2017.??.??"]
[EventType "team-swiss"]
[EventRounds "7"]
[EventCountry "GER"]
[SourceTitle "XVII. DBMM 2017"]
[Source "FV Schach e.V."]
[SourceDate "2018.05.26"]
[SourceVersion "1"]
[SourceVersionDate "2018.05.26"]
[SourceQuality "1"]
[WhiteTeam "BA Tempelhof Berlin IV"]
[BlackTeam "Baubehoerde Hamburg II"]
[WhiteTeamCountry "GER"]
[BlackTeamCountry "GER"]

1. e4 e5 2. Nf3 Nc6 3. d4 exd4 4. Nxd4 d6 5. Nc3 Bd7 6. Bc4 Nf6 7. O-O Be7 8.
Re1 O-O 9. Bf4 Re8 10. Nxc6 Bxc6 11. a4 h6 12. b4 b6 13. b5 Bb7 14. f3 Rc8 15.
Nd5 Nxd5 16. exd5 Bf6 17. Rb1 Kf8 18. Qd3 Kg8 19. Bb3 Bg5 20. Bxg5 Qxg5 21. c4
Rcd8 22. Bc2 g6 23. Rbd1 Bc8 24. Re2 Rxe2 25. Qxe2 Kf8 26. Re1 Bd7 27. Qe3
1/2-1/2

[Event "XVII. DBMM Schach"]
[Site "Berlin"]
[Date "2017.11.04"]
[Round "6.4"]
[White "Bockelmann, Rolf"]
[Black "Mahler, Sonja"]
[Result "1-0"]
[WhiteElo "1662"]
[BlackElo "1558"]
[Annotator "br"]
[PlyCount "91"]
[EventDate "2017.??.??"]
[EventType "team-swiss"]
[EventRounds "7"]
[EventCountry "GER"]
[SourceTitle "XVII. DBMM 2017"]
[Source "FV Schach e.V."]
[SourceDate "2018.05.26"]
[SourceVersion "1"]
[SourceVersionDate "2018.05.26"]
[SourceQuality "1"]
[WhiteTeam "Baubehoerde Hamburg II"]
[BlackTeam "BA Tempelhof Berlin IV"]
[WhiteTeamCountry "GER"]
[BlackTeamCountry "GER"]

1. e4 e5 2. Nf3 d6 3. h3 Nf6 4. d4 exd4 5. Qxd4 h6 6. Nc3 c6 7. Be2 b5 8. a3
Qa5 9. O-O Be7 10. Bd2 Qc7 11. Bf4 Nh5 12. Bh2 Be6 13. e5 d5 14. Nd2 g6 15. Bg4
Ng7 16. b4 a5 17. Nb3 Nd7 18. Nxa5 Rxa5 19. bxa5 Qxa5 20. Qd2 Bg5 21. f4 Be7
22. Ne4 Qb6+ 23. Nf2 h5 24. Bxe6 Nxe6 25. Kh1 Ng7 26. Bg1 Qc7 27. Qc3 Nf5 28.
e6 Nf6 29. exf7+ Kxf7 30. Bh2 Bd6 31. Nd3 h4 32. Ne5+ Kg7 33. Ng4 d4 34. Qf3
Nxg4 35. Qxg4 Ne3 36. Qf3 Rf8 37. Rf2 g5 38. Qe4 c5 39. c3 Nf5 40. cxd4 cxd4
41. Rc2 Qb8 42. Rc6 Ng3+ 43. Bxg3 hxg3 44. Qxd4+ Kg8 45. Qxd6 Qe8 46. Qg6+ 1-0

[Event "XVII. DBMM Schach"]
[Site "Berlin"]
[Date "2017.11.05"]
[Round "7.1"]
[White "Thiede, Lars"]
[Black "Muse, Mladen"]
[Result "1/2-1/2"]
[WhiteElo "2433"]
[BlackElo "2391"]
[Annotator "br"]
[PlyCount "20"]
[EventDate "2017.??.??"]
[EventType "team-swiss"]
[EventRounds "7"]
[EventCountry "GER"]
[SourceTitle "XVII. DBMM 2017"]
[Source "FV Schach e.V."]
[SourceDate "2018.05.26"]
[SourceVersion "1"]
[SourceVersionDate "2018.05.26"]
[SourceQuality "1"]
[WhiteTeam "BA Tempelhof Berlin"]
[BlackTeam "Deutsche Bahn/BSW Berlin"]
[WhiteTeamCountry "GER"]
[BlackTeamCountry "GER"]

1. Nf3 d5 2. c4 e6 3. g3 Nf6 4. Bg2 Be7 5. O-O O-O 6. b3 c5 7. Bb2 Nc6 8. e3 b6
9. Nc3 Bb7 10. cxd5 exd5 1/2-1/2

[Event "XVII. DBMM Schach"]
[Site "Berlin"]
[Date "2017.11.05"]
[Round "7.3"]
[White "Petenev, Yuriy"]
[Black "Baumbach, Friedrich"]
[Result "1/2-1/2"]
[WhiteElo "1959"]
[BlackElo "2167"]
[Annotator "br"]
[PlyCount "20"]
[EventDate "2017.??.??"]
[EventType "team-swiss"]
[EventRounds "7"]
[EventCountry "GER"]
[SourceTitle "XVII. DBMM 2017"]
[Source "FV Schach e.V."]
[SourceDate "2018.05.26"]
[SourceVersion "1"]
[SourceVersionDate "2018.05.26"]
[SourceQuality "1"]
[WhiteTeam "BA Tempelhof Berlin"]
[BlackTeam "Deutsche Bahn/BSW Berlin"]
[WhiteTeamCountry "GER"]
[BlackTeamCountry "GER"]

1. d4 d5 2. Nf3 Nf6 3. e3 e6 4. c4 Be7 5. a3 O-O 6. c5 b6 7. b4 a5 8. Bb2 axb4
9. axb4 Rxa1 10. Bxa1 bxc5 1/2-1/2

[Event "XVII. DBMM Schach"]
[Site "Berlin"]
[Date "2017.11.05"]
[Round "7.1"]
[White "Hoffmann, Hendrik"]
[Black "Gottschalk, Jens"]
[Result "1-0"]
[WhiteElo "2281"]
[BlackElo "2268"]
[Annotator "br"]
[PlyCount "99"]
[EventDate "2017.??.??"]
[EventType "team-swiss"]
[EventRounds "7"]
[EventCountry "GER"]
[SourceTitle "XVII. DBMM 2017"]
[Source "FV Schach e.V."]
[SourceDate "2018.05.26"]
[SourceVersion "1"]
[SourceVersionDate "2018.05.26"]
[SourceQuality "1"]
[WhiteTeam "le-tex GmbH Leipzig"]
[BlackTeam "R+V Versicherung Wiesbaden"]
[WhiteTeamCountry "GER"]
[BlackTeamCountry "GER"]

1. e4 c5 2. Nf3 Nc6 3. d4 cxd4 4. Nxd4 Nf6 5. Nc3 e6 6. Ndb5 d6 7. Bf4 e5 8.
Bg5 a6 9. Na3 b5 10. Nd5 Be7 11. Bxf6 Bxf6 12. c3 O-O 13. Nc2 Bg5 14. a4 bxa4
15. Rxa4 a5 16. b4 Be6 17. b5 Nb8 18. h4 Bh6 19. g4 Bf4 20. Bc4 Kh8 21. Nxf4
exf4 22. Nd4 Bxc4 23. Rxc4 d5 24. Ra4 dxe4 25. Nf5 g6 26. Nd6 Nd7 27. g5 f6 28.
Rxe4 Nc5 29. Rxf4 Qe7+ 30. Kf1 Rad8 31. Rd4 Ne6 32. Rd5 Kg7 33. Ne4 fxg5 34.
hxg5 Rxd5 35. Qxd5 Rf5 36. Qd3 Nxg5 37. Qd4+ Kg8 38. Nxg5 Qxg5 39. Qc4+ Rd5 40.
Rh3 Qc1+ 41. Kg2 Qg5+ 42. Rg3 Qe5 43. Re3 Qg5+ 44. Kf1 Kg7 45. Qc7+ Kf8 46. b6
Rb5 47. Rf3+ Rf5 48. Qc5+ Kg7 49. Rxf5 gxf5 50. Qc7+ 1-0

[Event "XVII. DBMM Schach"]
[Site "Berlin"]
[Date "2017.11.05"]
[Round "7.2"]
[White "Seidler, Lukas"]
[Black "Rohne, Lars"]
[Result "1-0"]
[WhiteElo "2185"]
[BlackElo "2145"]
[Annotator "br"]
[PlyCount "41"]
[EventDate "2017.??.??"]
[EventType "team-swiss"]
[EventRounds "7"]
[EventCountry "GER"]
[SourceTitle "XVII. DBMM 2017"]
[Source "FV Schach e.V."]
[SourceDate "2018.05.26"]
[SourceVersion "1"]
[SourceVersionDate "2018.05.26"]
[SourceQuality "1"]
[WhiteTeam "R+V Versicherung Wiesbaden"]
[BlackTeam "le-tex GmbH Leipzig"]
[WhiteTeamCountry "GER"]
[BlackTeamCountry "GER"]

1. e4 g6 2. d4 Bg7 3. Nc3 d6 4. Be3 a6 5. Qd2 Nd7 6. a4 b6 7. h4 Ndf6 8. f3 h5
9. Nh3 Bxh3 10. Rxh3 Bh6 $11 11. Bg5 c6 12. Rd1 Qc7 13. Qe3 e6 14. Be2 d5 15.
Kf2 dxe4 16. fxe4 b5 17. Kg1 O-O-O 18. d5 Ng4 19. Qd4 Bxg5 20. hxg5 e5 21. Qc5
1-0

[Event "XVII. DBMM Schach"]
[Site "Berlin"]
[Date "2017.11.05"]
[Round "7.3"]
[White "Schreiter, Thomas"]
[Black "Werner, Gregor"]
[Result "1/2-1/2"]
[WhiteElo "2016"]
[BlackElo "2128"]
[Annotator "br"]
[PlyCount "39"]
[EventDate "2017.??.??"]
[EventType "team-swiss"]
[EventRounds "7"]
[EventCountry "GER"]
[SourceTitle "XVII. DBMM 2017"]
[Source "FV Schach e.V."]
[SourceDate "2018.05.26"]
[SourceVersion "1"]
[SourceVersionDate "2018.05.26"]
[SourceQuality "1"]
[WhiteTeam "le-tex GmbH Leipzig"]
[BlackTeam "R+V Versicherung Wiesbaden"]
[WhiteTeamCountry "GER"]
[BlackTeamCountry "GER"]

1. d4 d5 2. c4 e6 3. Nc3 c5 4. Nf3 cxd4 5. Nxd4 Nf6 6. Bg5 Be7 7. e3 O-O 8. Rc1
Nc6 9. cxd5 exd5 10. Be2 h6 11. Bh4 Ne5 12. O-O Ng6 13. Bg3 Bd6 14. Bxd6 Qxd6
15. Bf3 Nh4 16. Ndb5 Nxf3+ 17. Qxf3 Qb6 18. Qf4 Be6 19. Qd4 Qxd4 20. Nxd4
1/2-1/2

[Event "XVII. DBMM Schach"]
[Site "Berlin"]
[Date "2017.11.05"]
[Round "7.4"]
[White "Launert, Martin"]
[Black "Hartmann, Uwe"]
[Result "1/2-1/2"]
[WhiteElo "1879"]
[BlackElo "1964"]
[Annotator "br"]
[PlyCount "62"]
[EventDate "2017.??.??"]
[EventType "team-swiss"]
[EventRounds "7"]
[EventCountry "GER"]
[SourceTitle "XVII. DBMM 2017"]
[Source "FV Schach e.V."]
[SourceDate "2018.05.26"]
[SourceVersion "1"]
[SourceVersionDate "2018.05.26"]
[SourceQuality "1"]
[WhiteTeam "R+V Versicherung Wiesbaden"]
[BlackTeam "le-tex GmbH Leipzig"]
[WhiteTeamCountry "GER"]
[BlackTeamCountry "GER"]

1. e4 e5 2. Nf3 Nc6 3. Bb5 a6 4. Bxc6 dxc6 5. O-O Bd6 6. d4 Qe7 7. dxe5 Bxe5 8.
Nxe5 Qxe5 9. Nc3 Bd7 10. Be3 Nf6 11. f4 Qh5 12. Qxh5 Nxh5 13. h3 O-O-O 14. e5
f5 15. Kh2 g6 16. Rad1 Be6 17. b3 Rxd1 18. Rxd1 Rd8 19. Rxd8+ Kxd8 20. Na4 b6
21. c4 Kc8 22. g3 Ng7 23. Kg2 Bd7 24. c5 b5 25. Nc3 Kb7 26. b4 Be6 27. a3 Bc4
28. g4 Kc8 29. Kg3 Kd7 30. Kf3 Ke6 31. Kg3 Bd3 1/2-1/2

[Event "XVII. DBMM Schach"]
[Site "Berlin"]
[Date "2017.11.05"]
[Round "7.2"]
[White "Stanetzek, Carsten"]
[Black "Rath, Alina"]
[Result "1-0"]
[WhiteElo "2211"]
[BlackElo "2089"]
[Annotator "br"]
[PlyCount "89"]
[EventDate "2017.??.??"]
[EventType "team-swiss"]
[EventRounds "7"]
[EventCountry "GER"]
[SourceTitle "XVII. DBMM 2017"]
[Source "FV Schach e.V."]
[SourceDate "2018.05.26"]
[SourceVersion "1"]
[SourceVersionDate "2018.05.26"]
[SourceQuality "1"]
[WhiteTeam "Deutsche Post Bonn"]
[BlackTeam "SV Osram Berlin"]
[WhiteTeamCountry "GER"]
[BlackTeamCountry "GER"]

1. e4 c5 2. Nf3 d6 3. Bb5+ Bd7 4. Bxd7+ Qxd7 5. c4 e5 6. Nc3 g6 7. d3 Bg7 8. a3
Nc6 9. b4 Nge7 10. Rb1 O-O 11. O-O f5 12. Qa4 b6 13. Bg5 Bf6 14. Bxf6 Rxf6 15.
Nd5 Nxd5 16. cxd5 Nb8 17. Qc2 Na6 18. Rfc1 fxe4 19. dxe4 Raf8 20. Qd3 Qc8 21.
Rc2 h6 22. b5 Nc7 23. a4 Qg4 24. h3 Qd7 25. Nh2 Kg7 26. Ng4 Rf4 27. a5 Rb8 28.
Ra2 Rb7 29. axb6 axb6 30. Ne3 Rf8 31. Qb3 Ra8 32. Rxa8 Nxa8 33. Nc4 Nc7 34. Qa4
Kf7 35. Rb3 Ke7 36. Kh2 Qe8 37. g3 Qa8 38. Qxa8 Nxa8 39. f4 exf4 40. gxf4 Ra7
41. e5 dxe5 42. fxe5 Ra2+ 43. Kg3 Rc2 44. d6+ Ke6 45. Rd3 1-0

[Event "XVII. DBMM Schach"]
[Site "Berlin"]
[Date "2017.11.05"]
[Round "7.3"]
[White "Gebert Vangeel, Ralf"]
[Black "Lunnebach, Oliver"]
[Result "1-0"]
[WhiteElo "2035"]
[BlackElo "2086"]
[Annotator "rgv"]
[PlyCount "45"]
[EventDate "2017.??.??"]
[EventType "team-swiss"]
[EventRounds "7"]
[EventCountry "GER"]
[SourceTitle "XVII. DBMM 2017"]
[Source "FV Schach e.V."]
[SourceDate "2018.05.26"]
[SourceVersion "1"]
[SourceVersionDate "2018.05.26"]
[SourceQuality "1"]
[WhiteTeam "SV Osram Berlin"]
[BlackTeam "Deutsche Post Bonn"]
[WhiteTeamCountry "GER"]
[BlackTeamCountry "GER"]

1. e4 c5 2. Nf3 e6 3. Nc3 Nc6 4. Bb5 Nd4 5. Nxd4 cxd4 6. Ne2 a6 7. Bd3 d5 8. c3
dxe4 9. Bxe4 Nf6 10. Qc2 Nxe4 11. Qxe4 dxc3 12. dxc3 Qc7 13. Bf4 Bd6 14. O-O-O
Bxf4+ 15. Nxf4 Bd7 16. Nd5 Qd8 17. Qe3 Qa5 18. Kb1 O-O-O 19. Nb6+ Kc7 20. Nc4
Qf5+ 21. Ka1 Kb8 22. Qb6 Qf6 23. Na5 1-0

[Event "XVII. DBMM Schach"]
[Site "Berlin"]
[Date "2017.11.05"]
[Round "7.4"]
[White "Dehmel, Jens"]
[Black "Eisermann, Daniel"]
[Result "0-1"]
[WhiteElo "2082"]
[BlackElo "1937"]
[Annotator "de"]
[PlyCount "80"]
[EventDate "2017.??.??"]
[EventType "team-swiss"]
[EventRounds "7"]
[EventCountry "GER"]
[SourceTitle "XVII. DBMM 2017"]
[Source "FV Schach e.V."]
[SourceDate "2018.05.26"]
[SourceVersion "1"]
[SourceVersionDate "2018.05.26"]
[SourceQuality "1"]
[WhiteTeam "Deutsche Post Bonn"]
[BlackTeam "SV Osram Berlin"]
[WhiteTeamCountry "GER"]
[BlackTeamCountry "GER"]

1. d4 d5 2. c4 c6 3. Nf3 Nf6 4. Nc3 e6 5. Bg5 dxc4 6. e4 b5 7. e5 h6 8. Bh4 g5
9. Nxg5 hxg5 10. Bxg5 Be7 11. exf6 Bxf6 12. Bxf6 Qxf6 13. g3 Nd7 14. Bg2 Bb7
15. Nxb5 O-O-O 16. Nd6+ Kc7 17. Nxb7 Kxb7 18. Qa4 e5 19. d5 cxd5 20. Bxd5+ Kb8
21. Bg2 Nb6 22. Qa6 e4 23. O-O Qe5 24. a4 Rd4 25. a5 Nd5 26. Qb5+ Ka8 27. Qc6+
Kb8 28. Rac1 Nb4 29. Qa4 Qc5 30. Qa3 f5 31. Rcd1 Rd3 32. Rxd3 cxd3 33. g4 Qd6
34. h3 fxg4 35. Bxe4 Rxh3 36. Rd1 g3 37. Rxd3 gxf2+ 38. Kf1 Rxd3 39. Bxd3 Qxd3+
40. Kxf2 Qxa3 0-1

[Event "XVII. DBMM Schach"]
[Site "Berlin"]
[Date "2017.11.05"]
[Round "7.2"]
[White "Rietze, Clemens"]
[Black "Kutzner, Stephen"]
[Result "1-0"]
[WhiteElo "2319"]
[BlackElo "2086"]
[Annotator "br"]
[PlyCount "91"]
[EventDate "2017.??.??"]
[EventType "team-swiss"]
[EventRounds "7"]
[EventCountry "GER"]
[SourceTitle "XVII. DBMM 2017"]
[Source "FV Schach e.V."]
[SourceDate "2018.05.26"]
[SourceVersion "1"]
[SourceVersionDate "2018.05.26"]
[SourceQuality "1"]
[WhiteTeam "AGI Frankfurt"]
[BlackTeam "Deutsche Post Bonn II"]
[WhiteTeamCountry "GER"]
[BlackTeamCountry "GER"]

1. d4 Nf6 2. c4 g6 3. Nc3 d5 4. cxd5 Nxd5 5. Bd2 Nb6 6. Bg5 Bg7 7. e3 c5 8.
Bb5+ Bd7 9. Bxd7+ Qxd7 10. Nf3 cxd4 11. Nxd4 h6 12. Bh4 Bxd4 13. Qxd4 Qxd4 14.
exd4 Nc6 15. O-O-O Rd8 16. d5 Nb4 17. d6 Rxd6 18. Rxd6 exd6 19. Re1+ Kd7 20.
Re7+ Kc6 21. a3 N4d5 22. Nxd5 Nxd5 23. Rxf7 Re8 24. Kd2 Re4 25. Bg3 Rd4+ 26.
Kc2 Re4 27. Kd3 Re6 28. Rf8 Ne7 29. f3 a6 30. Bf2 Nd5 31. g3 Nc7 32. f4 h5 33.
f5 gxf5 34. Rh8 f4 35. gxf4 Nd5 36. Bg3 Re3+ 37. Kd2 Rb3 38. Kc1 Ne3 39. Rxh5
Nc4 40. f5 b5 41. Rh4 Ne3 42. Rf4 Rd3 43. Kb1 Kd7 44. f6 Rd1+ 45. Ka2 Rf1 46.
f7 1-0